00857cam a2200241 a 450000100100000000500170001000800410002704000230006808200180009110000400010924500520014926000400020130000200024150400540026165000400031565000210035565000260037665100340040291000340043604900090047095201210047999900150060000000746420200929154159.0930602s1987 cu b 001 0 spa d aDO-SdBNPcFMUdDLC a363.69bP372s1 aPedroso, Regino,d1898-1983.92074710aSobre la marea de los siglos /cRegino Pedroso. aLa Habana :bLetras Cubanas,c1987. a82 p. ;c18 cm. aIncluye referencias bibliográficas: (p. 77-79). 4aEdificios históricoszCuba920748 4aCastillos920749 4aViviendazCuba920750 4aLa Habana (Cuba{Rpara}920751 aCatalogación por copia / LC aBNGR 001052708MOaGRbGRcCTd2009-09-08iLF1l0o363.69 P372sp7464-10r2020-06-25w2020-06-25y2ZPréstamo interno c7245d7245